| 000 | 00983nas a2200301 4500 | ||
|---|---|---|---|
| 001 | BR2015004972 | ||
| 003 | BR-BrBNA | ||
| 005 | 20231205125651.0 | ||
| 007 | ta | ||
| 008 | 230509b bl.|||p| |||| 00| 00por d | ||
| 040 |
_aBR-BrBNA _bpor _cBiblioteca Nacional de Agricultura |
||
| 041 | _a(Pt) | ||
| 072 | _aL73 | ||
| 100 | 1 | _aMartins, G.R. | |
| 100 | 1 | _aTeixeira, M.F. da S. | |
| 100 | 1 | _aBarroso, I.C. | |
| 100 | 1 | _aSouza, K.C. | |
| 100 | 1 | _aMarinho, R.C. | |
| 100 | 1 | _aBezerra Junior, R.Q. | |
| 245 | 1 | _aDetecção do vírus Maedi-visna por Nested-PCR no lavado bronco-alveolar de pulmões ovinos provenientes de abatedouro da região metropolitana de Fortaleza | |
| 650 | _aOVINO | ||
| 650 | _aDOENÇA ANIMAL | ||
| 650 | _aPULMÃO | ||
| 650 | _aVÍRUS | ||
| 773 | 0 |
_tRevista Brasileira de Medicina Veterinária (Brazil) _xISSN 0100-2430 _g(Jul-Sep 2014), v. 36(3) p. 312-316 _wBR2015004972 |
|
| 909 |
_a202311 _bLúcia _c55 _dLúcia Elande |
||
| 942 |
_2AGRIS _n0 _cANA |
||
| 999 |
_c245466 _d245466 |
||